Music Quiz

Random Music or Album Quiz
Score 0/30 Timer 07:00
0 Plays Today
% Correct
Let It Be
96.4%
Layla and Other Assorted Love Songs
92%
After the Gold Rush
90.2%
Morrison Hotel
87.5%
Moondance
87.5%
All Things Must Pass
86.6%
Abraxas
85.7%
Lola Versus Powerman and the Moneygoround
83.9%
Sweet Baby James
83%
The Man Who Sold the World
83%
Deja Vu
82.1%
Cosmo's Factory
76.8%
Bitches' Brew
72.3%
Tumbleweed Connection
71.4%
Tea for the Tillerman
71.4%
% Correct
Mad Dogs & Englishmen
67.9%
John Barleycorn Must Die
67%
Self Portrait
62.5%
American Beauty
62.5%
Ladies of the Canyon
58.9%
Gasoline Alley
57.1%
Fun House
56.3%
A Question of Balance
54.5%
Idlewild South
51.8%
Runt
49.1%
Loaded
48.2%
Psychedelic Shack
47.3%
Beaucoups of Blues
43.8%
Magic Christian Music
36.6%
Naturally
26.8%
Remove Ads.
Support Sporcle.
Get the best of Sporcle when you Go Orange. This ad-free experience offers more features, more stats, and more fun while also helping to support Sporcle. Thank you for becoming a member.

You're not logged in!

Compare scores with friends on all Sporcle quizzes.
OR
Log In

Show Comments

Extras

Top Quizzes Today


Score Distribution

Your Account Isn't Verified!

In order to create a playlist on Sporcle, you need to verify the email address you used during registration. Go to your Sporcle Settings to finish the process.

Report this User

Report this user for behavior that violates our Community Guidelines.

Details: